| 000 | 00879nas a2200277 4500 | ||
|---|---|---|---|
| 001 | BR9201273 | ||
| 003 | BR-BrBNA | ||
| 005 | 20231205092358.0 | ||
| 007 | ta | ||
| 008 | 230509b bl.|||p| |||| 00| 00por d | ||
| 040 |
_aBR-BrBNA _bpor _cBiblioteca Nacional de Agricultura |
||
| 041 | _a(Pt) | ||
| 072 | _aL10 | ||
| 100 | 1 | _aVale Filho, V.R. do | |
| 100 | 1 | _aMegale, F. | |
| 100 | 1 | _aGarcia, O. de S. | |
| 245 | 1 | _aIncidencia elevada de defeitos da bainha mitocondrial do espermatozoide e baixa eficiencia reprodutiva, em touros da raca gir | |
| 650 | _aTOURO | ||
| 650 | _aESPERMATOZOIDE | ||
| 650 | _aESTERILIDADE | ||
| 650 | _aSEMEN | ||
| 650 | _aREPRODUCAO ANIMAL | ||
| 773 | 0 |
_tRevista Brasileira de Reproducao Animal (Brazil) _xISSN 0102-0803 _g(Mar-Apr 1977), v. 1(2) p. 31-39 _wBR9201273 |
|
| 909 |
_a202311 _bLúcia _c55 _dLúcia Elande |
||
| 942 |
_2AGRIS _n0 _cANA |
||
| 999 |
_c131298 _d131298 |
||